000 00702nam a2200277Ia 4500
005 20260324114138.0
008 008 260324s9999 xx 000 0 eng d
020 _a9781003358091
037 _aEBOOK
040 _aCRL
040 _beng
040 _cCRL
041 _2eng
041 _aeng
084 _qCRL
100 _aGeeta Bhatt; Manoj Bhatt; Shantanu Bhattacharya
_91149614
245 0 _aImpedance Spectroscopy and its Application in Biological Detection
260 _bTaylor and Francis
260 _c2023
365 _a
365 _b340
856 _uhttp://www.taylorfrancis.com/books/9781003358091
942 _cEBOOK
999 _c1739631
_d1739631